000 00759nam a2200229 i 4500
001 103626
003 ES-MaACL
005 20250719031950.0
007 t|
008 060425s1964 pr ||||1| spa d
080 _a929 Hostos, Eugenio María de
100 1 _aPedreira, Antonio S.
_989899
245 1 0 _aHostos, ciudadano de América /
_cAntonio S. Pedreira.
260 _aSan Juan, Puerto Rico :
_bInstituto de Cultura Puertorriqueña,
_c1964.
300 _a222 p. ;
_c18 cm.
490 1 _aBiblioteca popular
600 1 7 _aHostos, Eugenio María de,
_d1839-1903
_2embne
_964302
710 2 _aInstituto de Cultura Puertorriqueña.
_94858
830 0 _aBiblioteca popular
_9181768
852 _aES-MaACL
_jC-56856
_bR.137510
999 _c103626
_d103626